[Event "I Magistral Barbera del Valles 2021"]
[Site "Barbera del Valles"]
[Date "2021.11.29"]
[Round "9.1"]
[White "Alonso Garcia, Aaron"]
[Black "Garriga Cazorla, Pere"]
[Result "0-1"]
[WhiteElo "2367"]
[BlackElo "2477"]
[Annotator "TA"]
[PlyCount "118"]
[EventDate "2021.11.20"]
[EventType "tourn"]
[EventCountry "ESP"]
[SourceTitle "playchess.com"]
[Source "ChessBase"]
[SourceQuality "1"]

{[%evp 11,118,32,50,31,29,32,48,51,51,21,5,24,31,0,0,15,0,0,20,0,0,0,5,0,28,0,0,0,0,0,0,0,0,0,0,0,14,0,27,0,33,12,55,60,50,36,50,49,68,18,46,37,37,37,37,37,43,41,36,0,0,0,0,0,173,177,177,179,170,175,177,174,165,172,164,126,92,80,162,0,0,0,0,0,0,0,64,-420,-413,-419,-394,-444,-341,-649,-649,-868,-744,-867,-850,-807,-779,-1258,-1284,-889,-842,-1466,-985,-1423,-1428]} 1. e4 c5 2. Nf3 e6 3. d4 cxd4 4. Nxd4 Nc6 5. Nc3 Qc7 6. Be3 a6 7. Qf3 {Nowadays more popular than 7.Qd2. B48: Sicilian: Taimanov: 5 Nc3 Qc7 6 Be3 a6 without Be2.} Nf6 8. O-O-O Ne5 9. Qg3 {White is slightly better.} b5 {With the idea ...b4.} 10. a3 (10. f4 $5 {[%cal Rf4e5]} Neg4 11. Bg1 $14) 10... Bb7 11. Bxb5 Rc8 {Threatening ...Bxa3.} ({But not} 11... axb5 $6 12. Ndxb5 Qb8 13. Bb6 $16) 12. Ba4 {And now Nxe6! would win.} Nxe4 13. Nxe4 Bxe4 14. Bf4 Qc4 15. Bxe5 Qxa4 16. Rd2 Bg6 17. Bd6 h5 18. h4 Qc4 {[#]} 19. b3 $146 ({Predecessor:} 19. Kb1 Bxd6 20. Qxd6 Qc5 21. Qxc5 Rxc5 22. b4 Rc4 23. Re1 Ke7 24. Kb2 Rhc8 25. Re3 {1-0 (58) Clarke,B (2429)-Modi,S (2118) Leamington Spa 2021}) 19... Bxd6 20. Qxd6 Qc5 (20... Qc3 $5 21. Kd1 $8 Qc5 22. Qxc5 Rxc5 $11) 21. Qxc5 Rxc5 22. Re1 Ke7 23. Kb2 Rhc8 24. Re3 d6 25. f4 Kf8 26. c3 Rb8 27. b4 Rc4 28. g3 a5 29. Nb3 axb4 30. axb4 Ke7 31. Nd4 Kf6 32. Kb3 d5 33. Ra2 Rc7 34. Ra6 {[%cal Rd4e6] Hoping for Nxe6!} Be4 35. b5 g6 $1 36. Kb4 Rc4+ 37. Ka5 Bg2 $2 (37... Rc5 $1 $11 {and Black has nothing to worry.}) 38. Rc6 $1 $18 Ra8+ 39. Kb6 $1 Rca4 40. Kc7 $1 R4a7+ {[#]} 41. Kd6 $1 Rd8+ 42. Kc5 Bf1 43. b6 Ra5+ 44. Kb4 Ra1 {[#]} (44... Ra2 $16) 45. Rc7 $2 (45. Rf3 $1 $18) 45... Rb8 $11 46. Kc5 {aiming for Nc6.} Rb1 47. Rc6 Ba6 48. c4 Ra1 ({Better is} 48... dxc4 $11 49. Ra3 Ra8) 49. Rc7 $2 {[%mdl 8192]} ({Stronger than} 49. cxd5 Ra5+ 50. Kb4 Rxd5 $17) (49. Nb5 $1 $14 {keeps the upper hand.}) 49... Rc1 $19 50. Kb4 {c5 is the strong threat.} Rxb6+ 51. Ka5 Rb2 {( -> ...Ra1+)} 52. Nb3 (52. Rb3 Ra2+ 53. Kb6 Bxc4 54. Rb4) 52... Rxc4 {Black is clearly winning.} 53. Nc5 Rb5+ 54. Kxa6 Rbxc5 {KRR-KRR} 55. Rd7 Rc7 56. Rxc7 Rxc7 57. Kb5 Kf5 58. Kb4 f6 59. Kb3 d4 {Never resign too early!  Weighted Error Value: White=0.50/Black=0.21} 0-1

[Event "I Magistral Barbera del Valles 2021"]
[Site "Barbera del Valles"]
[Date "2021.11.29"]
[Round "9.3"]
[White "Alsina Leal, Daniel"]
[Black "Hernandez, Cristian"]
[Result "1-0"]
[WhiteElo "2497"]
[BlackElo "2376"]
[Annotator "TA"]
[PlyCount "55"]
[EventDate "2021.11.20"]
[EventType "tourn"]
[EventCountry "ESP"]
[SourceTitle "playchess.com"]
[Source "ChessBase"]
[SourceQuality "1"]

{[%evp 14,55,43,12,37,35,40,15,21,26,31,18,53,44,60,65,87,87,94,85,106,91,112,114,128,120,137,143,157,142,152,142,138,-182,813,833,831,818,833,833,828,833,812,806]} 1. e4 c5 2. Nf3 d6 3. d4 cxd4 4. Nxd4 Nf6 5. Nc3 a6 6. h3 g6 7. g4 Bg7 8. Bg2 h5 {[%cal Rh5g4] B90: Sicilian Najdorf: Unusual White 6th moves, 6 Be3 Ng4 and 6 Be3 e5.} 9. g5 Nfd7 10. Be3 Nc6 {The position is equal.} 11. Qd2 O-O 12. O-O-O {[#]} Rb8 $146 ({Predecessor:} 12... Nde5 13. b3 Qa5 14. f4 Nxd4 15. Bxd4 Nc6 16. Bxg7 Kxg7 17. Kb2 Be6 18. Rhf1 Rac8 {1-0 (67) Navara,D (2719)-Van Wely,L (2683) Wijk aan Zee 2007}) 13. f4 Nxd4 14. Bxd4 e5 15. Be3 {f5 is the strong threat.} exf4 16. Bxf4 Be5 17. Nd5 Bxf4 18. Qxf4 Ne5 19. Nf6+ $1 Kg7 20. Rd5 $1 {[%cal Rd5e5] Strongly threatening Rxe5.} Qc7 21. Rhd1 Be6 22. Rxd6 {[%cal Bd5d6,Bd6e6,Be6e7][%mdl 32]} Nc4 {[#]} 23. Nd7 $2 {[%mdl 8192]} (23. Bf1 $1 $16 {[%cal Rf1c4]} Nxd6 24. Qe5) 23... Rfc8 $4 {[%mdl 8192]} (23... Rfd8 $19 24. b3 (24. Nxb8 $2 Rxd6 25. Rd3 Qxb8 $19) 24... Nxd6 25. Qe5+ Kg8 26. Nf6+ Kf8) 24. Qf6+ $18 {White is clearly winning.} Kg8 25. Rxe6 {Black must now prevent Re7.} Ne5 {[#]} 26. c3 $1 Nxd7 {[#]} 27. Rxd7 $1 {[%mdl 512]} Qxd7 28. Re7 {Weighted Error Value: White=0.28/Black=0.12} 1-0

[Event "I Magistral Barbera del Valles 2021"]
[Site "Barbera del Valles"]
[Date "2021.11.29"]
[Round "9.4"]
[White "Vasquez Schroeder, Rodrigo"]
[Black "Rios, Cristian Camilo"]
[Result "1/2-1/2"]
[WhiteElo "2485"]
[BlackElo "2460"]
[Annotator "TA"]
[PlyCount "43"]
[EventDate "2021.11.20"]
[EventType "tourn"]
[EventCountry "ESP"]
[SourceTitle "playchess.com"]
[Source "ChessBase"]
[SourceQuality "1"]

{[%evp 18,43,4,0,0,0,0,0,7,7,14,0,9,3,4,11,6,6,6,7,18,16,19,32,41,31,52,9]} 1. d4 Nf6 2. c4 e6 3. g3 d5 4. Bg2 Bb4+ 5. Bd2 Be7 6. Nf3 O-O 7. O-O c6 8. Qc2 Nbd7 $1 {[%mdl 4] is more profitable than 8...b6 at the moment.} 9. Bf4 b6 10. Rd1 Ba6 {E08: Closed Catalan: Main Line: 7 Qc2.} 11. cxd5 cxd5 12. Ne5 Nxe5 {The position is equal.} 13. dxe5 Ng4 14. h3 Rc8 15. Nc3 Nxf2 16. Kxf2 {aiming for Bf3.} Bc5+ 17. Be3 Bxe3+ 18. Kxe3 b5 {[#] And now ...b4 would win.} 19. Qd3 Qb6+ 20. Qd4 {Strongly threatening Qxb6.} Qb8 21. Kf2 {[#] a3 is the strong threat.} f6 $146 ({Predecessor:} 21... b4 22. Nb1 f6 23. Qe3 fxe5+ 24. Kg1 e4 25. Nd2 Qb6 26. Qxb6 axb6 27. Bf1 Rc2 {½-½ (37) Dominguez Perez,L (2739)-Karjakin,S (2773) Saint Louis 2018}) 22. exf6 {Weighted Error Value: White=0.02/Black=0.03} 1/2-1/2

[Event "I Magistral Barbera del Valles 2021"]
[Site "Barbera del Valles"]
[Date "2021.11.29"]
[Round "9.5"]
[White "Sankalp Gupta"]
[Black "Asis Gargatagli, Hipolito"]
[Result "1/2-1/2"]
[WhiteElo "2468"]
[BlackElo "2502"]
[Annotator "TA"]
[PlyCount "33"]
[EventDate "2021.11.20"]
[EventType "tourn"]
[EventCountry "ESP"]
[SourceTitle "playchess.com"]
[Source "ChessBase"]
[SourceQuality "1"]

{[%evp 19,33,30,30,34,31,31,29,31,28,25,45,18,22,26,23,-10]} 1. e4 e5 2. Nf3 Nc6 3. Bb5 a6 4. Ba4 Nf6 5. O-O Be7 6. Re1 b5 7. Bb3 Bb7 8. c3 d5 9. exd5 Nxd5 10. Nxe5 Nxe5 11. Rxe5 {C88: Closed Ruy Lopez: Anti-Marshall Systems.} c5 12. Bxd5 Bxd5 13. d4 O-O 14. dxc5 {[#]} Bxa2 $146 ({Predecessor:} 14... Bc6 15. Qxd8 Raxd8 16. Nd2 Bf6 17. Re2 Rfe8 18. Rxe8+ Rxe8 19. Kf1 b4 20. c4 Bd7 21. c6 Be6 22. f3 h5 23. Kf2 Bd4+ 24. Kf1 Bf6 25. Kf2 Bd4+ {½-½ (25) Ilyasov,A (2395)-Larsson,M (2302) ICCF email 2018}) 15. Qxd8 Rfxd8 16. Nd2 Be6 17. Kf1 {Weighted Error Value: White=0.06/Black=0.04} 1/2-1/2